000 00261nam a2200097Ia 4500
001 1164674
005 20250827011726.0
008 250824s9999 xx 000 0 und d
245 0 _aHAYAT ANCAK BEN OLDUĞUMDA GERÇEKTİR
_cGURDJİEFF
260 _bDESTEK YAYINLARI
999 _c1164674
_d1164674